| 000 | 00386nam a2200169Ia 4500 | ||
|---|---|---|---|
| 008 | 230524s9999 xx 000 0 und d | ||
| 020 | _a81850155504 | ||
| 082 |
_a510 _bFRA |
||
| 100 | _aFrank Harary | ||
| 245 | 0 | _aGraph Theory | |
| 250 | _a10TH | ||
| 260 |
_aNEW DELHI _bNarosa _c2001 |
||
| 300 | _aXI;286 | ||
| 500 | _aQuantity Number: 2 | ||
| 650 | _aMathematics | ||
| 942 | _cBK | ||
| 999 |
_c14064 _d14064 |
||